Hunderassen - Statistiken

Allgemein
  • Dieses Quiz wurde 206 mal gespielt
  • Das Durchschnittsergebnis liegt bei 11 aus 20
Antwortstatistiken
Bildquiz Antwort % Korrekt
Mops
95%
Siberian Husky
92%
Dalmatiner
90%
Pudel
85%
Beagle
80%
Französische Bulldogge
76%
Labrador Terrier
74%
Deutscher Schäferhund
73%
Rottweiler
73%
Chihuahua
66%
Malteser
56%
Yorkshire Terrier
48%
Dackel
44%
Windhund
42%
Australian Shepherd
35%
Schnauzer
33%
Jack Russell Terrier
16%
Affenpinscher
13%
Pekingese
5%
Norfolk Terrier
2%
Keine übereinstimmenden Quizze gefunden
Verteilung der Resultate
Anzahl Personen mit jedem Resultat
Perzentil nach korrekt beantworteten Fragen
Ihre Resultats-Entwicklung
Sie haben dieses Quiz noch nicht gespielt